| 000 | 00851nam a2200289Ia 4500 | ||
|---|---|---|---|
| 001 | Para_5513 | ||
| 003 | CHAP | ||
| 008 | 220125s1943 xx 000 0 und d | ||
| 010 | _a203972 | ||
| 040 | _cCHAP | ||
| 090 | _aPA FOLLETO 2827 | ||
| 100 |
_aCowan, F. T. _928715 |
||
| 245 |
_aMormon crickets and their control / _c by F. T. Cowan, H. J. Shipman and Claude Wakeland |
||
| 260 |
_aWashington : _b Department of Agriculture |
||
| 300 | _a17 p. | ||
| 440 |
_aEUA. Dep. of Agr. Farmers Bull.; 1928 _9169992 |
||
| 650 |
_aChapulines Control de plagas _9167205 |
||
| 700 |
_aShipman, H. J. _9105707 |
||
| 700 |
_aWakeland, Claude _9120821 |
||
| 901 | _aPA FOLLETO 2827 | ||
| 902 | _aA | ||
| 905 | _a0000001943 WAS 0000000000 00 | ||
| 910 | _a1943 | ||
| 942 | _cPARA | ||
| 942 |
_cPARA _d1 |
||
| 999 |
_c203972 _d203972 |
||